000 00328nam a2200133Ia 4500
008 150201s2005 xx 000 0 und d
082 _a12.015
_bI05H
100 _aHAMES,DAVID
245 _aINSTANT NOTES IN BIOCHEMISTRY
250 _a3RD
260 _bTAYLORA FRANCIS
_aDELHI
_c2005
650 _aBIOCHEMISTRY
942 _2ddc
_cBK
_06
999 _c919
_d919